| 000 | 01101nam a2200277Ia 4500 | ||
|---|---|---|---|
| 001 | ebr10449895 | ||
| 003 | CaPaEBR | ||
| 006 | m u | ||
| 007 | cr cn||||||||| | ||
| 008 | 091119s2009 tz sb 000 0 eng d | ||
| 020 | _z9789987080533 | ||
| 040 |
_aCaPaEBR _cCaPaEBR |
||
| 035 | _a(OCoLC)715160649 | ||
| 050 | 1 | 4 |
_aPL8014.E65 _bC36 2009eb |
| 100 | 1 |
_aCantalupo, Charles, _d1951- |
|
| 245 | 1 | 0 |
_aWar and peace in contemporary Eritrean poetry _h[electronic resource] / _cCharles Cantalupo. |
| 260 |
_aDar es Salaam : _bMkuki na Nyota Publishers, _cc2009. |
||
| 300 | _axv, 160 p. | ||
| 504 | _aIncludes bibliographical references. | ||
| 533 |
_aElectronic reproduction. _bPalo Alto, Calif. : _cebrary, _d2011. _nAvailable via World Wide Web. _nAccess may be limited to ebrary affiliated libraries. |
||
| 650 | 0 | _aWar poetry. | |
| 650 | 0 |
_aEritrean poetry _xHistory and criticism. |
|
| 655 | 7 |
_aElectronic books. _2local |
|
| 710 | 2 | _aebrary, Inc. | |
| 856 | 4 | 0 |
_uhttp://site.ebrary.com/lib/rucke/Doc?id=10449895 _zAn electronic book accessible through the World Wide Web; click to view |
| 999 |
_c138445 _d138445 |
||